00514nam a22001577a 4500082002600000100002300026245006000049250001100109260004200120300001800162526003700180650001300217942001200230999001900242952009500261 a621.3bDHAcL-9, P-40 aDharap, P.W941133 aQuestion and answers in electrical engineering practice aVol II aMumbaibUnited book Corporationc1950 a266p.:c25cm. a0b0c0d621_300000000000000_DHA aMCE9379 2ddccBK c545323d545323 00102ddc4070aMCEbMCEd2014-05-21l0o621.3 DHApMCE-30029r2014-05-21w2014-05-21yBK